| 000 | 00580nab#a2200205#c#4500 | ||
|---|---|---|---|
| 999 |
_c87675 _d87675 |
||
| 003 | IEF | ||
| 005 | 20191203180020.0 | ||
| 008 | 950704s1976 uuu|| #####0 b| |u | ||
| 040 |
_aIEF _cES-MaIEF |
||
| 100 | 1 |
_aBarnechea Bergareche, Ricardo _93718 |
|
| 245 |
_aAprovisionamiento de productos petrolíferos _c Ricardo Barnechea Bergareche |
||
| 260 | _c1976 | ||
| 650 | 4 |
_aPOLITICA ENERGETICA _948058 |
|
| 650 | 4 |
_aPETROLEO _948014 |
|
| 650 | 4 |
_aPRECIOS _948092 |
|
| 773 | 0 |
_tHacienda pública española _w34570 _g41, p. 199-251 |
|
| 942 | _2udc | ||
| 942 | _2udc | ||